Front Office Tevékenység A Sárvári Spirit Hotelben
| Szerző: | |
|---|---|
| További közreműködők: | |
| Dokumentumtípus: | Projektmunka |
| Kulcsszavak: | alapismeretek biztonságvédelem célok csapatépítés emberi kommunikáció |
| Online Access: | http://dolgozattar.uni-bge.hu/60128 |
MARC
| LEADER | 00000nnm a2200000 i 4500 | ||
|---|---|---|---|
| 001 | dolg60128 | ||
| 005 | 20260409150027.0 | ||
| 008 | 260409suuuu hu o 000 hun d | ||
| 040 | |a BGE Dolgozattár Repozitórium |b hun | ||
| 041 | |a hu | ||
| 100 | 1 | |a Tóth Lara Vanda | |
| 245 | 1 | 0 | |a Front Office Tevékenység A Sárvári Spirit Hotelben |c Tóth Lara Vanda |h [elektronikus dokumentum] |
| 516 | |a Project_work | ||
| 520 | 3 | |a A projektmunkám során próbáltam minél részletesebben bemutatni hogyan is tud hatékonyan működni egy front office részleg egy szállodán belül, azon belül is középpontban a sárvári Spirit Hotel Thermal Spa áll, ahol a szakmai gyakorlatomat töltöttem. Gyakorlatom során ebben a szállodában megismerhettem, hogyan is működik egy hatékony front office csapat, sok tudást sikerült elsajátítanom ebbe a pár hónapba, illetve megtanulhattam azt is, hogy milyen csapatban együtt dolgozni, illetve milyen is a vendégekkel való kommunikáció, ezen kívül azt is, hogy a problémás helyzetekre, hogyan lehet a legkönnyebben megoldást találni. | |
| 695 | |a alapismeretek | ||
| 695 | |a biztonságvédelem | ||
| 695 | |a célok | ||
| 695 | |a csapatépítés | ||
| 695 | |a emberi kommunikáció | ||
| 700 | 1 | |a Bártfai Endre György |e ths | |
| 856 | 4 | 0 | |u http://dolgozattar.uni-bge.hu/60128/1/1.%20To%CC%81th%20Lara%20Szakdolgozat%202025%203.0.pdf |z Dokumentum-elérés |
| 856 | 4 | 0 | |u http://dolgozattar.uni-bge.hu/60128/2/T%C3%B3th%20Lara%20Vanda_Projektmunka_B%C3%ADr%C3%A1lati%20lap_FOSZK_B%C3%A1rtfai%20Endre.pdf |z Dokumentum-elérés |